Score 0/20 Timer 04:00
4 Plays Today
Question Answer Wrong Answers
The Wizard of Oz: Which character is seeking courage? Cowardly Lion
92.2%
Scarecrow
1.8%
Tin man
2.3%
Wizard
0.6%
The Hangover: Which character is a dentist? Stu Price
86.6%
Doug
2%
Alan Garner
4.5%
Phil Wenneck
3.5%
Star Wars: Which character is not a Jedi? Han Solo
85.5%
Luke Skywalker
2.4%
Yoda
6.4%
Obi-Wan Kenobi
2.5%
The Terminator: Which character is a human? Kyle Reese
82.1%
T-1000
4.7%
T-800
3.9%
T-X
6.1%
Toy Story: Which character is not a film's antagonist? Rex
78.4%
Sid
6.6%
Stinky Pete
4.3%
Lotso
7.7%
Superbad: Which character has a fake I.D.? Fogel
68.8%
Seth
12.1%
Evan
9.9%
Jules
5.7%
Wedding Crashers: Which character is not related to the other three? Jeremy Grey
68.5%
William Cleary
7.2%
Claire Cleary
9.1%
Gloria Cleary
11.6%
Ocean's Eleven: Which character is in charge of munitions? Basher Tarr
67.6%
Linus Caldwell
11.6%
Yen
10.9%
Danny Ocean
6.2%
Aladdin: Which character shares a name with a Shakespearean character? Iago
64.2%
Jafar
9.1%
Jasmine
4.7%
Rajah
18.8%
Forrest Gump: Which character is not from Alabama? Lieutenant Dan Taylor
64.2%
Bubba Blue
21.2%
Mrs. Gump
3.7%
Jenny Curran
7.5%
The Truman Show: Which character has hydrophobia? Truman Burbank
63.4%
Christof
9.4%
Marlon
16.3%
Meryl Burbank
7.2%
Saving Private Ryan: Which character speaks German? Corporal Upham
58.9%
Private Ryan
10.4%
Captain Miller
8.9%
Sergeant Horvath
18.3%
Titanic: Which character won their ticket in a card game? Fabrizio
58.3%
Rose DeWitt Bukater
2.6%
Spicer Lovejoy
1.9%
Tommy Ryan
33.9%
Goodfellas: Which character is killed? Tommy DeVito
55.8%
Henry Hill
12.2%
Jimmy Conway
7.3%
Paulie Cicero
21%
Inception: Which character is the target of the team's mission? Robert Fischer
55.3%
Ariadne
15.6%
Eames
9.7%
Mal Cobb
15.7%
The Shawshank Redemption: Which character never leaves the prison alive? Tommy Williams
54.8%
Andy Dufresne
3.3%
Ellis Boyd 'Red' Redding
13.9%
Brooks Hadley
24.6%
Fargo: Which character is kidnapped? Jean Lundegaard
53.3%
Marge Gunderson
9.6%
Jerry Lundegaard
12%
Carl Showalter
21.3%
Pulp Fiction: Which character shot Marvin in the face? Vincent Vega
48.9%
Jules Winnfield
35%
Mia Wallace
5.8%
The Wolf
6.8%
Mean Girls: Which character's father invented Toaster Strudels? Gretchen Weiners
43.5%
Karen Smith
21.1%
Regina George
21.5%
Cady Heron
10.5%
The Shining: Which character has 'Doc' as a nickname? Danny Torrance
25.4%
Jack Torrance
14.7%
Delbert Grady
22.2%
Lloyd
34.2%
Remove Ads.
Support Sporcle.
Get the best of Sporcle when you Go Orange. This ad-free experience offers more features, more stats, and more fun while also helping to support Sporcle. Thank you for becoming a member.

You're not logged in!

Compare scores with friends on all Sporcle quizzes.
OR
Log In

Show Comments

Extras

Top Quizzes Today


Score Distribution

Your Account Isn't Verified!

In order to create a playlist on Sporcle, you need to verify the email address you used during registration. Go to your Sporcle Settings to finish the process.

Report this User

Report this user for behavior that violates our Community Guidelines.

Details: